Problematika finančnej sebestačnosti a finančnej závislosti vybraných subjektov sektora verejnej správy diplomová práca

Enregistré dans:
Détails bibliographiques
Auteur principal: Kollárová, Alexandra
Collectivité auteur: Národohospodárska fakulta EU. Katedra financií
Autres auteurs: Baláži, Peter
Format: Livre
Langue:slovaque
Publié: Bratislava 2009
Tags: Ajouter un tag
Pas de tags, Soyez le premier à ajouter un tag!

MARC

LEADER 00000nam$a2200000$$$4500
001 0096651
005 20240318141458.5
041 0 |a slo 
044 |a SK 
245 1 0 |a Problematika finančnej sebestačnosti a finančnej závislosti vybraných subjektov sektora verejnej správy  |b diplomová práca  |c Alexandra Kollárová ; škol. Peter Baláži 
264 1 |a Bratislava  |c 2009 
300 |a 98 s. 
100 1 |a Kollárová, Alexandra 
700 1 |a Baláži, Peter 
710 2 |a Národohospodárska fakulta EU. Katedra financií